00617nam a2200193Ia 4500008004100000020001500041082001700056100002300073245002400096250000800120260003900128300003000167500001900197600002700216650001500243942000700258952014300265999001500408240925s9999 xx 000 0 und d a8177583549 a621.3815 FLO aBoydell, Toby B.J. 0aElectronic Devices  a6th aIndia:bDorling Kindersleyc,2002. axxvii,530p.bNAfOriginal aIncludes Index aElectrical Engineering aTechnology cBK 001040708ELaUITUbUITUd2007-01-26eF.B.Cg550.00l1o621.3815 FLOpQ6895q2025-11-07r2025-11-04 11:29:35s2025-11-04w2024-09-25yBK c9394d9394